Online
Catalog

Las ideas educativas de Josè Martí / (Record no. 49368)

MARC details
000 -CABECERA
campo de control de longitud fija 01313nam a2200325 i 4500
003 - IDENTIFICADOR DEL NÚMERO DE CONTROL
campo de control DO-SdBNP
005 - FECHA Y HORA DE LA ÚLTIMA TRANSACCIÓN
campo de control 20251114103400.0
007 - CAMPO FIJO DE DESCRIPCIÓN FÍSICA--INFORMACIÓN GENERAL
campo de control de longitud fija ta
008 - DATOS DE LONGITUD FIJA--INFORMACIÓN GENERAL
campo de control de longitud fija 20206b 2020 dr |||| |||| 00| 0 sspadd
020 ## - NÚMERO INTERNACIONAL ESTÁNDAR DEL LIBRO
Número Internacional Estándar del Libro 9789945807004
040 ## - FUENTE DE LA CATALOGACIÓN
Centro catalogador/agencia de origen DO-SdBNP
Lengua de catalogación spa
Centro/agencia transcriptor BNPHU
Normas de descripción rda
041 ## - CÓDIGO DE LENGUA
Código de lengua del texto/banda sonora o título independiente spa
082 #4 - NÚMERO DE LA CLASIFICACIÓN DECIMAL DEWEY
Número de clasificación 370.98
Número de documento/Ítem A333i 2020
Número de edición 22
100 1# - ENTRADA PRINCIPAL--NOMBRE DE PERSONA
Nombre de persona Albert Batista, Celsa,
Término indicativo de función/relación autor
Código de función/relación aut.
9 (RLIN) 1180
245 14 - MENCIÓN DE TÍTULO
Título Las ideas educativas de Josè Martí /
Mención de responsabilidad, etc. Celsa Albert Batista
250 ## - MENCIÓN DE EDICIÓN
Mención de edición Quinta edición
264 #4 - PRODUCCIÓN, PUBLICACIÓN, DISTRIBUCIÓN, FABRICACIÓN Y COPYRIGHT
Producción, publicación, distribución, fabricación y copyright Santo Domingo, República Dominicana :
Nombre del de productor, editor, distribuidor, fabricante Universidad Católica de Santo Domingo,
Fecha de producción, publicación, distribución, fabricación o copyright ©2020.
300 ## - DESCRIPCIÓN FÍSICA
Extensión 251 páginas ;
Dimensiones 22 cm.
336 ## - TIPO DE CONTENIDO
Término de tipo de contenido texto
Código de tipo de contenido txt
Fuente rdacontent
337 ## - TIPO DE MEDIO
Nombre/término del tipo de medio sin mediación
Código del tipo de medio n
Fuente rdamedia
338 ## - TIPO DE SOPORTE
Nombre/término del tipo de soporte volumen
Código del tipo de soporte nc
Fuente rdacarrier
500 ## - NOTA GENERAL
Nota general Incluye datos biográficos del autor en la solapa de la cubierta
500 ## - NOTA GENERAL
Nota general Incluye referencias bibliográficos y notas al pie de las pàginas
586 ## - NOTA DE PREMIOS
Nota de premios Premio Internacional Josè Martì de la UNESCO 1995
590 ## - NOTA LOCAL (RLIN)
Nota local Inventariado, 2021 / DG
600 14 - PUNTO DE ACCESO ADICIONAL DE MATERIA--NOMBRE DE PERSONA
Nombre de persona Martí, José,
Fechas asociadas al nombre 1853-1895
9 (RLIN) 65455
650 #4 - PUNTO DE ACCESO ADICIONAL DE MATERIA--TÉRMINO DE MATERIA
Término de materia o nombre geográfico como elemento de entrada Filosofía de la educación
Subdivisión geográfica Amèrica Latina
9 (RLIN) 54255
910 ## - DATOS DE OPCIÓN DEL USUARIO (OCLC)
Datos de opción del usuario DG/Validado. Control de calidad MFF
942 ## - ELEMENTOS DE PUNTO DE ACCESO ADICIONAL (KOHA)
Fuente del sistema de clasificación o colocación Dewey Decimal Classification
Tipo de ítem Koha Libro
Holdings
Estado de retiro Estado de pérdida Fuente del sistema de clasificación o colocación Restricciones de uso No para préstamo Código de colección Localización permanente Ubicación/localización actual Ubicación en estantería Fuente de adquisición Total de préstamos Signatura topográfica completa Código de barras Fecha visto por última vez Precio válido a partir de Tipo de ítem Koha Número de copia Fecha de adquisición
    Dewey Decimal Classification Excluido de préstamo   Patrimonio Dominicano Biblioteca Nacional Pedro Henríquez Ureña Biblioteca Nacional Pedro Henríquez Ureña Depósito Deposito Legal   BNPHU PD 370.98 A333i 2020 2021-0188 16.02.2021 16.02.2021 Libro    
    Dewey Decimal Classification Excluido de préstamo   Patrimonio Dominicano Biblioteca Nacional Pedro Henríquez Ureña Biblioteca Nacional Pedro Henríquez Ureña Depósito Deposito Legal   BNPHU PD 370.98 A333i 2020 2021-0189 16.02.2021 16.02.2021 Libro e. 2  
    Dewey Decimal Classification Préstamo en sala   Dominicana de Servicio Biblioteca Nacional Pedro Henríquez Ureña Biblioteca Nacional Pedro Henríquez Ureña Depósito Deposito Legal   BNPHU DS 370.98 A333i 2020 2021-0190 16.02.2021 16.02.2021 Libro e. 3  
    Dewey Decimal Classification Préstamo en sala   Dominicana de Servicio Biblioteca Nacional Pedro Henríquez Ureña Biblioteca Nacional Pedro Henríquez Ureña Depósito Donado por Carmen Heredia   BNPHU DS 370.98 A333i 2020 2021-0191 16.02.2021 16.02.2021 Libro e. 4  
    Dewey Decimal Classification Préstamo en sala   Dominicana de Servicio Biblioteca Nacional Pedro Henríquez Ureña Biblioteca Nacional Pedro Henríquez Ureña Depósito Donado por Carmen Heredia   BNPHU DS 370.98 A333i 2020 2023-5161 02.08.2023 02.08.2023 Libro e.5 02.08.2023

Powered by Koha